Library Collection Selection and Preservation/ (Record no. 214354)

MARC details
000 -LEADER
fixed length control field 00632nam a22002057a 4500
005 - DATE AND TIME OF LATEST TRANSACTION
control field 20260121105122.0
010 ## - LCCN (DPL NO)
LC control number ENG-147575
020 ## - INTERNATIONAL STANDARD BOOK NUMBER
Terms of availability 250.00
International Standard Book Number 9789382985044
035 ## - SYSTEM CONTROL NUMBER
System control number EN-131107
037 ## - SOURCE OF ACQUISITION
Source of stock number/acquisition DBAD
Stock number DPL
082 ## - DEWEY DECIMAL CLASSIFICATION NUMBER
Classification number 025.4
Edition number 2
100 ## - MAIN ENTRY--PERSONAL NAME
Personal name Chakrabarti, B.
245 ## - TITLE STATEMENT
Title Library Collection Selection and Preservation/
Statement of responsibility, etc B. Chakrabarti [and] P.K. Mahapatra
250 ## - EDITION STATEMENT
Edition statement 2
260 ## - PUBLICATION, DISTRIBUTION, ETC. (IMPRINT)
Name of publisher, distributor, etc The World Press Pvt Ltd,
Place of publication, distribution, etc Kolkata
Date of publication, distribution, etc 2015
270 ## - ADDRESS
Address 37A College Street
City Kolkata
Postal code 700073
300 ## - PHYSICAL DESCRIPTION
Extent 238p.
Dimensions 21cm(pb)
700 ## - ADDED ENTRY--PERSONAL NAME
Personal name Mahapatra, P.K.
Relator term Author
9 (RLIN) 86695
942 ## - ADDED ENTRY ELEMENTS (KOHA)
Source of classification or shelving scheme Dewey Decimal Classification
Item type English Books
Classification part 025.4
Call number suffix CHA
Holdings
Withdrawn status Lost status Not for loan Collection code Home library Current library Date acquired Source of acquisition Cost, normal purchase price Full call number Barcode Copy number Cost, replacement price Koha item type
      Non-fiction Janak Puri Janak Puri 21/01/2026 Delivery of Books Act Division 250.00 025.4 CHA EN-131107 1 250.00 English Books

© Delhi Public Library
Hit Counter
free hit counter